| 000 | 01027nam a2200253 a 4500 | ||
|---|---|---|---|
| 001 | 000003856 | ||
| 005 | 20200929150610.0 | ||
| 008 | 090714s1999 dr ac 001 0 spa d | ||
| 040 |
_aDO-SdBNP _bspa _cBNPHU |
||
| 082 |
_a355.0335 _bH557p |
||
| 100 | 1 |
_aHernández Fortuna, Arsenio, _d1948- _911646 |
|
| 245 | 1 | 0 |
_aPolítica y cuestión militar / _cArsenio Hernández Fortuna ; presentación Augusto Obando. |
| 260 |
_aSanto Domingo : _bLibros, _c1999. |
||
| 300 |
_a219 p. : _bil., retrs. ; _c21 cm. |
||
| 590 | _aInventariado, 2018/ YL | ||
| 500 | _aIncluye datos biográficos del autor en la contracubierta | ||
| 504 | _aBibliografía : p. 213-215 | ||
| 650 | 4 |
_aMilitares _xAspectos políticos _zRepública Dominicana _911647 |
|
| 650 | 4 |
_aMilitares _xAspectos políticos _zAmérica Latina _911648 |
|
| 650 | 4 |
_aFuerzas armadas _xActividad política _911649 |
|
| 650 | 4 |
_aMilitarismo _zRepública Dominicana _911650 |
|
| 650 | 4 |
_aDerechos civiles _zRepública Dominicana _910342 |
|
| 910 | _aValidado. Control de calidad MMOLINA | ||
| 999 |
_c3678 _d3678 |
||